Resultat match OL saison 2022/2023 - Statistiques

Statistiques générales
  • Ce quiz a été pris 107 fois
  • Le résultat moyen est 29 sur 31
Statistiques - réponses
Match Réponse % Correct
OL - Ajaccio 2-1
99%
OL - Auxerre 2-1
99%
Monaco - OL 2-1
99%
OL - Lens 2-1
99%
Auxerre - OL 2-1
99%
Lens - OL 1-0
97%
OL - Lille 1-0
97%
OM - OL 1-0
97%
Reims - OL 1-1
95%
OL - Toulouse 1-1
95%
OL - Nice 1-1
95%
OL - Nantes 1-1
95%
OL - PSG 0-1
93%
OL - Clermont 0-1
93%
PSG - OL 0-1
93%
Nantes - OL 0-0
91%
OL - Brest 0-0
91%
OL - Lorient 0-0
91%
Ajaccio - OL 0-2
91%
Lorient - OL 3-1
91%
OL - Rennes 3-1
91%
Rennes - OL 3-2
90%
Lille - OL 3-3
89%
Montpellier - OL 1-2
88%
OL - Strasbourg 1-2
88%
Toulouse - OL 1-2
88%
OL - Troyes 4-1
87%
Troyes - OL 1-3
86%
Angers - OL 1-3
86%
OL - Angers 5-0
83%
Brest - OL 2-4
80%
Aucun quiz correspondant
Distribution des résultats
% des personnes avec chaque résultat
Percentile par nombre de réponses
Votre historique - résultats
Vous n’avez pas pris ce quiz